000 02162ncm0a2200373 4500
001 RU\NLR\ONIZ\215255
005 20250626044846.0
035 _a(NLR Aleph) 011337610
071 2 0 _aс 4105 к
090 _a11171642
_c11171642
100 _a20161027d2005 |||y0rusy50 ca
101 0 _arus
102 _aRU
125 _azx
145 0 _au
200 1 _aЦирк! Цирк! Цирк!
_bНоты
_eвеселое представление для детей и взрослых
_eпособие для воспитателей и музыкальных руководителей детских дошкольных учреждений
_fИ. Каплунова, И. Новоскольцева
210 _aСанкт-Петербург
_cКомпозитор-Санкт-Петербург
_d2005
215 _a106 с.
_cил., портр.
_d29 см
225 1 _aЛадушки
300 _aНа С.4 обл. : биогр. справки
313 _aСистематизация документа проведена по изданию - Методика классифицирования музыкальных произведений (нотных изданий) по таблицам Библиотечно-библиографических классификаций : метод. рекомендации / Гос. б-ка СССР им. В.И. Ленина.- М., 1977. Индексу ББК методических рекомендаций присваивается код ББК для научных библиотек - LBC/SL
686 _aЩ987.6я44(2Р)
_vLBC/SL
_2rubbk
700 1 _9z01790
_aКаплунова
_bИ. М.
_gИрина Михайловна
_4220
_7ca
701 1 _9z02790
_aНовоскольцева
_bИ. А.
_gИрина Арсентьевна
_4220
_7ca
790 1 _9z01700
_aKaplunova
_bI. M.
_gIrina Michajlovna
_4220
_7ba
790 1 _9z02701
_aNovoskol`ceva
_bI. A.
_gIrina Arsent`evna
_4220
_7ba
801 0 _aRU
_bNLR
_c20161027
_gPSBO
801 1 _aRU
_bNLR
_c20161027
_2rusmarc
801 2 _aRU
_bNLR
_c20180823
852 _aNLR
_bМ
_j3/10665
_p280762
_t1
942 _cSCORE
980 _aNB
980 _aONIZ